000 00749nam a2200253 4500
001 76815
003 BD-RjUL
005 20211209082907.0
008 200121s1948 e afd|| b||| 001 0 eng d
035 _a(BD-RjUL)77039
040 _aBD-RjUL
_beng
_cBD-RjUL
041 _aeng
082 _223
_a709.42
_bHAG 1948
100 _aHarvey, John
_9238039
245 _aGothic England : a survey of national culture 1300-1550./
_cJohn Harvey
250 _a 2nd rev. ed
260 _aLondn ; NewYork :
_bB.T.Batsford,
_cc1948
300 _axiv, 241 p. :
_bill. ;
_c23 cm
504 _aIncludes Index
650 _aArchitecture, Gothic.
_9238040
650 _aArchitecture
_zGreat Britain.
_9238041
650 _aArchitecture.
_9238042
942 _2ddc
_cBK
999 _c76815
_d76815